• 首页
  • 本馆介绍
  • 公告通知
  • 最新文献
  • 馆藏检索
  • 电子资源
  • 读者导购
  • 参考咨询
  • 我的图书馆
  • 登录
  • 详细信息显示
  • 放入我的书架
  • 预约/预借图书
  • 作者相关作品
  • 分类相关作品
  • 丛书相关作品
  • 出版社相关作品

书目信息

  • 表格格式
  • 工作单格式
  • 卡片格式
题名:
幼儿艺术教育与活动指导
    
 
作者: 田建松 , 李延存 , 方吉祥 主编
分册:  
出版信息: 北京   首都师范大学出版社  2017.08
页数: 238页
开本: 26cm
丛书名:
单 册:
中图分类: G613.5
科图分类:
主题词: 学前教育--艺术教育--教材
电子资源:
ISBN: 978-7-5656-3887-9
000 01033nam0 2200265 450
001 0103152650
005 20201103152731.0
010    @a978-7-5656-3887-9@dCNY39.80
100    @a20190406e20192017em y0chiy50 ea
101 0  @achi
102    @aCN@b110000
105    @aag z 000yy
106    @ar
200 1  @a幼儿艺术教育与活动指导@Ayou er yi shu jiao yu yu huo dong zhi dao@f田建松, 李延存, 方吉祥主编
210    @a北京@c首都师范大学出版社@d2017.08@h2019.08
215    @a238页@c图@d26cm
300    @a“十三五”规划新教材—学前教育
330    @a本书共分为九个项目,主要内容为:艺术概述、幼儿艺术教育概述、幼儿绘画艺术教育活动、幼儿手工艺术教育活动、幼儿美术欣赏艺术教育活动、幼儿歌唱艺术教育活动、幼儿韵律艺术教育活动、幼儿节奏艺术教育活动、幼儿音乐欣赏艺术教育活动。
606 0  @a学前教育@x艺术教育@j教材
690    @aG613.5@v5
701  0 @a田建松@Atian jian song@4主编
701  0 @a李延存@Ali yan cun@4主编
701  0 @a方吉祥@Afang ji xiang@4主编
801  0 @aCN@bBJSZM@c20201103
905    @b1256401-5@dG613.5@e1055@f5
    
    幼儿艺术教育与活动指导/田建松, 李延存, 方吉祥主编.-北京:首都师范大学出版社,2017.08(2019.08)
    238页:图;26cm
    “十三五”规划新教材—学前教育
    
    ISBN 978-7-5656-3887-9:CNY39.80
    本书共分为九个项目,主要内容为:艺术概述、幼儿艺术教育概述、幼儿绘画艺术教育活动、幼儿手工艺术教育活动、幼儿美术欣赏艺术教育活动、幼儿歌唱艺术教育活动、幼儿韵律艺术教育活动、幼儿节奏艺术教育活动、幼儿音乐欣赏艺术教育活动。
●
相关链接 在E读中查询图书 在五车中查询图书 在当当中查询图书 在豆瓣中查询图书


正题名:幼儿艺术教育与活动指导     索取号:G613.5/1055         预约/预借

序号 登录号 条形码 馆藏地/架位号 状态 备注
1 1256401   212564018   第一样本阅览室/ [索取号:G613.5/1055] 在馆    
2 1256402   212564027   教育系资料室/ [索取号:G613.5/1055] 在馆    
3 1256403   212564036   教育系资料室/ [索取号:G613.5/1055] 在馆    
4 1256404   212564045   第四借阅区/ [索取号:G613.5/1055] 在馆    
5 1256405   212564054   第四借阅区/ [索取号:G613.5/1055] 在馆    
唐山师范学院图书馆 欢迎您!
大连网信软件有限公司© 版权所有